Govt. of
Madhya Pradesh

A Thousand and one Gems of English Poetry (Record no. 36445)

MARC details
000 -LEADER
fixed length control field 004470000a22001690004500
003 - CONTROL NUMBER IDENTIFIER
control field MACL
005 - DATE AND TIME OF LATEST TRANSACTION
control field 20160105134429.0
008 - FIXED-LENGTH DATA ELEMENTS--GENERAL INFORMATION
fixed length control field 160105b xxu||||| |||| 00| 0 eng d
040 ## - CATALOGING SOURCE
Original cataloging agency MACL
Transcribing agency MACL
041 ## - LANGUAGE CODE
Language code of text/sound track or separate title English
082 ## - DEWEY DECIMAL CLASSIFICATION NUMBER
Classification number 821/MAC
100 ## - MAIN ENTRY--PERSONAL NAME
Personal name Mackay, Charles
9 (RLIN) 28022
245 ## - TITLE STATEMENT
Title A Thousand and one Gems of English Poetry
260 ## - PUBLICATION, DISTRIBUTION, ETC. (IMPRINT)
Name of publisher, distributor, etc. George Routledge & Sons Ltd
Date of publication, distribution, etc. 1897
Place of publication, distribution, etc. London
650 ## - SUBJECT ADDED ENTRY--TOPICAL TERM
Topical term or geographic name as entry element Poetry
9 (RLIN) 28023
942 ## - ADDED ENTRY ELEMENTS (KOHA)
Koha item type Books
Call number prefix 821/MAC
Source of classification or shelving scheme

No items available.